000 00298nam a22001457a 4500
008 231124b ||||| |||| 00| 0 eng d
020 _a90866
041 _aeng
080 _a316
082 _a316DUR
100 _a24
101 _aSOCIOLO
245 _aSUICIDE
_cDURKHEIM.E
942 _2udc
_cBK
999 _c60534
_d60534